[Event "RUS-ch U26"]
[Site "Saratov"]
[Date "2013.10.02"]
[Round "9"]
[White "Tyapkin, Vladimir"]
[Black "Zhestkov, Igor"]
[Result "1-0"]
[WhiteElo "2089"]
[BlackElo "1876"]
[PlyCount "77"]
[EventDate "2013.09.24"]
[EventType "swiss"]
[EventRounds "9"]
[EventCountry "RUS"]
[SourceTitle "EXT 2015"]
[Source "ChessBase"]
[SourceDate "2014.11.20"]
[SourceVersion "1"]
[SourceVersionDate "2014.11.20"]
[SourceQuality "1"]

1. d4 d5 2. Nf3 Nf6 3. c4 e6 4. e3 c6 5. Nc3 Nbd7 6. Bd3 dxc4 7. Bxc4 b5 8. Bd3 a6 9. 0-0 Be7 10. e4 Nb6 11. Bg5 Nfd7 12. Bxe7 Qxe7 13. e5 c5 14. Ne4 0-0 15. Nxc5 Nxc5 16. dxc5 Na4 17. b4 Bb7 18. Re1 Rfd8 19. Qc2 h6 20. Be4 Bd5 21. h3 Rac8 22. Bxd5 Rxd5 23. Red1 Nb6 24. Qb3 Nc4 25. Rxd5 exd5 26. a4 Rd8 27. axb5 axb5 28. Qc3 Qd7 29. Nd4 Nxe5 30. c6 Qd6 31. Ra7 Rc8 32. c7 Qd7 33. Qc5 Kh7 34. Rb7 h5 35. Nxb5 Nc6 36. Rb6 Ne7 37. Rb8 d4 38. Rxc8 Qxc8 39. Qxe7 1-0

[Event "Saratov SSEU Cup 2nd Stage"]
[Site "Saratov"]
[Date "2012.05.19"]
[Round "9"]
[White "Fedorova, Tatiana"]
[Black "Zhestkov, Igor"]
[Result "0-1"]
[WhiteElo "1910"]
[BlackElo "1904"]
[PlyCount "94"]
[EventDate "2012.05.11"]
[EventType "swiss"]
[EventRounds "9"]
[EventCountry "RUS"]
[SourceTitle "EXT 2020"]
[Source "ChessBase"]
[SourceDate "2019.10.17"]
[SourceVersion "1"]
[SourceVersionDate "2019.10.17"]
[SourceQuality "1"]

1. c4 e6 2. Nc3 Nf6 3. d4 d5 4. Nf3 Nbd7 5. e3 c6 6. Rb1 a5 7. a3 dxc4 8. Bxc4 b5 9. Bd3 b4 10. Ne4 Nxe4 11. Bxe4 Qb6 12. Bd2 Nf6 13. Bd3 Ba6 14. Bxa6 Qxa6 15. a4 c5 16. dxc5 Bxc5 17. Qe2 0-0 18. Rc1 Be7 19. Qxa6 Rxa6 20. Ke2 Ne4 21. Rhd1 Bf6 22. b3 Bc3 23. Kf1 Bxd2 24. Nxd2 Nc3 25. Re1 Rd8 26. Nc4 g6 27. Rc2 Kf8 28. f3 Ke7 29. e4 Rd4 30. Kf2 Rc6 31. Ke3 Rd8 32. Rd2 Rc5 33. Rxd8 Kxd8 34. Rc1 Kc7 35. Rc2 Nxa4 36. Kd3 Nc3 37. Kd4 Rb5 38. h4 f6 39. f4 Kd7 40. g4 h6 41. Rf2 f5 42. gxf5 gxf5 43. Ne5+ Ke7 44. exf5 Rd5+ 45. Kc4 Ne4 46. fxe6 Kxe6 47. Nf3 Nd6# 0-1

[Event "Saratov Winter Cup 1st stage"]
[Site "Saratov"]
[Date "2012.02.10"]
[Round "1"]
[White "Zhestkov, Igor"]
[Black "Fedorova, Tatiana"]
[Result "0-1"]
[WhiteElo "1909"]
[BlackElo "1921"]
[PlyCount "72"]
[EventDate "2012.02.10"]
[EventType "tourn"]
[EventRounds "9"]
[EventCountry "RUS"]
[SourceTitle "EXT 2013"]
[Source "ChessBase"]
[SourceDate "2012.11.22"]
[SourceVersion "1"]
[SourceVersionDate "2012.11.22"]
[SourceQuality "1"]

1. e4 c5 2. Nf3 Nc6 3. Bb5 d6 4. 0-0 Bd7 5. d4 cxd4 6. Nxd4 Nf6 7. Nc3 g6 8. Be3 Bg7 9. f3 0-0 10. Nxc6 Bxc6 11. Bxc6 bxc6 12. Ne2 Rb8 13. Rb1 Rb7 14. Qd2 Nd7 15. b3 Qc7 16. Rfd1 Rfb8 17. h4 h5 18. Bd4 Ne5 19. Bxe5 Bxe5 20. f4 Qb6+ 21. Kf1 Bf6 22. g3 Qb4 23. Qe3 Qa5 24. a4 Rb4 25. Kg2 Qc7 26. Rf1 c5 27. c4 Kg7 28. f5 Qb7 29. Rf3 Rxc4 30. bxc4 Qxb1 31. Rf1 Qc2 32. fxg6 Rb3 33. Qf2 Qxe4+ 34. Kg1 Qxg6 35. Qf4 Be5 36. Qf5 Rxg3+ 0-1

[Event "Saratov-ch SUSE"]
[Site "Saratov"]
[Date "2010.12.11"]
[Round "2"]
[White "Borisovsky, Viktor"]
[Black "Zhestkov, Igor"]
[Result "1-0"]
[WhiteElo "2100"]
[BlackElo "1892"]
[PlyCount "81"]
[EventDate "2010.12.10"]
[EventType "swiss"]
[EventRounds "9"]
[EventCountry "RUS"]
[SourceTitle "EXT 2013"]
[Source "ChessBase"]
[SourceDate "2012.11.22"]
[SourceVersion "1"]
[SourceVersionDate "2012.11.22"]
[SourceQuality "1"]

1. d4 g6 2. c4 Bg7 3. Nc3 e6 4. Nf3 Ne7 5. e3 0-0 6. Bd3 d5 7. 0-0 b6 8. Qc2 Ba6 9. b3 Nd7 10. Bb2 Rc8 11. cxd5 Bxd3 12. Qxd3 Nxd5 13. Nxd5 exd5 14. Rac1 Nf6 15. Rc6 Ne4 16. Ba3 Re8 17. b4 Qd7 18. b5 a6 19. Bb4 axb5 20. Qxb5 Re6 21. Rxb6 Qxb5 22. Rxb5 Rb6 23. Rxb6 cxb6 24. g3 Rc2 25. a3 Bf8 26. Bxf8 Kxf8 27. Ne5 Ke7 28. Rb1 Nxf2 29. Rxb6 Nh3+ 30. Kf1 Rc3 31. a4 Ra3 32. Rb7+ Ke6 33. Nxf7 Kf5 34. Kg2 Ng5 35. Nxg5 Kxg5 36. Kf3 Rxa4 37. Rb5 Kf6 38. Rxd5 Ra3 39. h4 Ke6 40. Rb5 Rc3 41. h5 1-0

[Event "Saratov RSOCF 10"]
[Site "Saratov"]
[Date "2010.10.20"]
[Round "9.4"]
[White "Palin, Denis"]
[Black "Zhestkov, Igor"]
[Result "1-0"]
[WhiteElo "1991"]
[BlackElo "1914"]
[PlyCount "47"]
[EventDate "2010.10.11"]
[EventType "tourn"]
[EventRounds "11"]
[EventCountry "RUS"]
[SourceTitle "EXT 2023"]
[Source "ChessBase"]
[SourceDate "2022.10.05"]
[SourceVersion "1"]
[SourceVersionDate "2022.10.05"]
[SourceQuality "1"]

1. c4 c6 2. d4 d5 3. cxd5 cxd5 4. Nc3 Nf6 5. Nf3 Bf5 6. Qb3 Qd7 7. Ne5 Qc8 8. Bf4 Nc6 9. e3 a6 10. Rc1 Nxe5 11. dxe5 Ne4 12. Qxd5 e6 13. Qd1 Nxc3 14. Rxc3 Qd8 15. Qxd8+ Rxd8 16. a3 b5 17. Rc6 Rb8 18. Rxa6 b4 19. a4 b3 20. Bb5+ Rxb5 21. axb5 Bb4+ 22. Ke2 0-0 23. f3 Bc2 24. Rha1 1-0

[Event "Saratov RSOCF 10"]
[Site "Saratov"]
[Date "2010.10.14"]
[Round "4.6"]
[White "Zhestkov, Igor"]
[Black "Nikolaev, Alexander"]
[Result "0-1"]
[WhiteElo "1914"]
[BlackElo "2152"]
[PlyCount "56"]
[EventDate "2010.10.11"]
[EventType "tourn"]
[EventRounds "11"]
[EventCountry "RUS"]
[SourceTitle "EXT 2023"]
[Source "ChessBase"]
[SourceDate "2022.10.05"]
[SourceVersion "1"]
[SourceVersionDate "2022.10.05"]
[SourceQuality "1"]

1. a3 d5 2. e3 Nf6 3. c4 e6 4. Nc3 Nbd7 5. cxd5 exd5 6. d4 c6 7. Nf3 Bd6 8. Bd3 0-0 9. 0-0 Re8 10. Re1 Ne4 11. Bxe4 dxe4 12. Nd2 Nf6 13. h3 Bf5 14. f4 exf3 15. Qxf3 Bg6 16. e4 Bc7 17. Nb3 Bb6 18. Bg5 Bxd4+ 19. Kh1 Be5 20. Rad1 Qc7 21. Nc5 b6 22. Bxf6 Bxf6 23. Nd7 Bxc3 24. bxc3 Rad8 25. Qd3 Kh8 26. Rd2 Re7 27. Red1 h6 28. Qd6 Rdxd7 0-1

[Event "Saratov-B"]
[Site "Saratov"]
[Date "2009.08.14"]
[Round "7"]
[White "Rjazanova Ossipova, Valeria"]
[Black "Zhestkov, Igor"]
[Result "1-0"]
[WhiteElo "2099"]
[BlackElo "1987"]
[PlyCount "57"]
[EventDate "2009.08.10"]
[EventType "tourn"]
[EventRounds "13"]
[EventCountry "RUS"]
[SourceTitle "CBM 132 Extra"]
[Source "ChessBase"]
[SourceDate "2009.11.03"]
[SourceVersion "1"]
[SourceVersionDate "2009.11.03"]
[SourceQuality "1"]

1. e4 e6 2. d4 d5 3. Nc3 Nf6 4. Bg5 Be7 5. e5 Nfd7 6. h4 a6 7. Qg4 g6 8. Bxe7 Qxe7 9. h5 Rg8 10. Nf3 c5 11. dxc5 Nc6 12. hxg6 hxg6 13. Qg3 Qxc5 14. 0-0-0 b5 15. Rh7 Ra7 16. Qf4 Rf8 17. Bd3 Nb6 18. Rdh1 b4 19. Ne2 Qa5 20. Rh8 Qc5 21. Ng5 b3 22. axb3 Nb4 23. Rxf8+ Qxf8 24. Bxg6 fxg6 25. Qxf8+ Kxf8 26. Rh8+ Ke7 27. Rh7+ Kd8 28. Rxa7 Bd7 29. Rb7 1-0

[Event "Saratov-B"]
[Site "Saratov"]
[Date "2009.08.12"]
[Round "4"]
[White "Zhestkov, Igor"]
[Black "Vetryansky, Vladimir"]
[Result "0-1"]
[WhiteElo "1987"]
[BlackElo "2176"]
[PlyCount "86"]
[EventDate "2009.08.10"]
[EventType "tourn"]
[EventRounds "13"]
[EventCountry "RUS"]
[SourceTitle "CBM 132 Extra"]
[Source "ChessBase"]
[SourceDate "2009.11.03"]
[SourceVersion "1"]
[SourceVersionDate "2009.11.03"]
[SourceQuality "1"]

1. e4 c5 2. b3 e5 3. Nf3 Nc6 4. Bb2 d6 5. Nc3 Be6 6. Bd3 g5 7. h3 Bg7 8. Qe2 h6 9. 0-0-0 a6 10. Bc4 Bxc4 11. Qxc4 b5 12. Qe2 Nge7 13. g4 Nd4 14. Qd3 Rc8 15. Nxd4 cxd4 16. Ne2 Ng6 17. Kb1 Qb6 18. c3 dxc3 19. dxc3 0-0 20. f3 Rfd8 21. Bc1 a5 22. Be3 Qc6 23. Qd5 Qa6 24. Qd3 a4 25. Kb2 Ra8 26. Ra1 Qc6 27. Rhd1 b4 28. c4 Qc7 29. Ng3 d5 30. cxd5 a3+ 31. Kb1 Rac8 32. Rc1 Qb7 33. Rc4 Nf4 34. Bxf4 exf4 35. Nf5 Qb6 36. Ne7+ Kf8 37. Nxc8 Qf6 38. Kc2 Qxa1 39. d6 Qxa2+ 40. Kd1 Qa1+ 41. Ke2 Bc3 42. Rxc3 Qxc3 43. Qd5 a2 0-1